| 000 | 00506nam a2200157 a 4500 | ||
|---|---|---|---|
| 001 | 2918 | ||
| 003 | CDMR | ||
| 005 | 20130320104119.0 | ||
| 008 | 130130s1999||||||||||||||||||||||||||||d | ||
| 040 |
_aCDMR _bcat _cCPC LLEIDA |
||
| 100 | 1 |
_aWhitehand, Jeremy William Richard _92143 |
|
| 245 | 1 | 0 |
_aMorfología y paisajes urbanos _b: la perspectiva geográfica británica _c J.W.R. Whitehand, T.R. Slater, P.J. Larkham |
| 260 |
_aLleida _c1999 _bUniversitat de Lleida |
||
| 490 | 0 |
_aEspai/Temps _v14 |
|
| 942 |
_cMON _2udc |
||
| 999 |
_c2918 _d2918 |
||